Conversio im Wandel: Basler Missionare zwischen Europa und Südindien und die Ausbildung einer Kontaktreligiosität, 1834 - 1860
In der ersten Hälfte des 19. Jahrhunderts reisten Basler Missionare mit starken, durch die Erweckungsbewegung geprägten, religiösen Überzeugungen und Werthaltungen nach Indien. Die Begegnung mit Inderinnen und Indern veränderte sie: Sie entwickelten eine Kontaktreligiosität, indem sie ihre Überzeugu...
MARC
| LEADER | 00000cam a2200000 c 4500 | ||
|---|---|---|---|
| 001 | 1916167802 | ||
| 003 | DE-627 | ||
| 005 | 20260210082309.0 | ||
| 007 | cr uuu---uuuuu | ||
| 008 | 250203s2015 gw |||||om 00| ||ger c | ||
| 020 | |a 9783666101373 | ||
| 024 | 3 | |a 9783666101373 | |
| 024 | 7 | |a 10.13109/9783666101373 |2 doi | |
| 035 | |a (DE-627)1916167802 | ||
| 035 | |a (DE-603)35850936X | ||
| 035 | |a (DE-599)KXP1916167802 | ||
| 035 | |a (OCoLC)1493273584 | ||
| 035 | |a (OCoLC)908192300 | ||
| 035 | |a (VAND)VUR P0017676 | ||
| 035 | |a (DE-627-1)102193282 | ||
| 040 | |a DE-627 |b ger |c DE-627 |e rda | ||
| 041 | |a ger | ||
| 044 | |c XA-DE-NI |c XD-US | ||
| 050 | 0 | |a BV3265.3 | |
| 072 | 7 | |a 8542 |2 wsb | |
| 082 | 0 | |a 266.023494320548 |2 22/ger | |
| 082 | 0 | |a 230 | |
| 082 | 0 | 4 | |a 230 |a 950 |
| 084 | |a 1 |a 0 |2 ssgn | ||
| 084 | |a BT 7340 |2 rvk |0 (DE-625)rvk/16789: | ||
| 084 | |a NK 7445 |2 rvk |0 (DE-625)rvk/126217: | ||
| 084 | |a NP 5680 |2 rvk |0 (DE-625)rvk/127926: | ||
| 084 | |a NP 6700 |2 rvk |0 (DE-625)rvk/128033: | ||
| 084 | |a NV 9500 |2 rvk |0 (DE-625)rvk/131948: | ||
| 084 | |a 739 |2 bwlb | ||
| 084 | |a 11.50 |2 bkl | ||
| 084 | |a 15.60 |2 bkl | ||
| 084 | |a 15.77 |2 bkl | ||
| 100 | 1 | |e VerfasserIn |0 (DE-588)13391030X |0 (DE-627)557962633 |0 (DE-576)300186592 |4 aut |a Becker, Judith |d 1971- | |
| 109 | |a Becker, Judith 1971- | ||
| 245 | 1 | 0 | |a Conversio im Wandel |b Basler Missionare zwischen Europa und Südindien und die Ausbildung einer Kontaktreligiosität, 1834 - 1860 |c von Judith Becker |
| 264 | 1 | |a Göttingen |b Vandenhoeck & Ruprecht |c [2015] | |
| 264 | 4 | |c © 2015 | |
| 300 | |a 1 Online-Ressource (717 Seiten) |b Illustrationen | ||
| 336 | |a Text |b txt |2 rdacontent | ||
| 337 | |a Computermedien |b c |2 rdamedia | ||
| 338 | |a Online-Ressource |b cr |2 rdacarrier | ||
| 490 | 0 | |a Veröffentlichungen des Instituts für Europäische Geschichte Mainz |v Band 238 | |
| 500 | |a Ausgezeichnet mit dem Preis "Begegnung der Kulturen" 2017 | ||
| 502 | |b Habilitationsschrift |c Johannes Gutenberg-Universität Mainz |d 2014 | ||
| 506 | 0 | |q DE-4 |a Open Access |u https://purl.org/coar/access_right/c_abf2 |f Unrestricted online access |2 star | |
| 520 | |a In der ersten Hälfte des 19. Jahrhunderts reisten Basler Missionare mit starken, durch die Erweckungsbewegung geprägten, religiösen Überzeugungen und Werthaltungen nach Indien. Die Begegnung mit Inderinnen und Indern veränderte sie: Sie entwickelten eine Kontaktreligiosität, indem sie ihre Überzeugungen und Werthaltungen modifizierten und indische Einflüsse adaptierten. Judith Becker legt den Fokus auf die Frage nach conversio, Bekehrung und Konversion, und sanctificatio, den daraus folgenden Werthaltungen, denn Bekehrung und christliches Leben" sahen die Missionare als Zentrum ihrer Arbeit. Dabei zeichnet Becker nach, wie sich diese Auffassungen veränderten. Sie nutzt die in der neueren Konversionsforschung entwickelten Ansätze und Methoden. Zugleich verwendet sie postkoloniale Ansätze und fragt nach der Repräsentation von Menschen und Religionen in Indien. In den Missionsberichten findet sich sowohl eine Exotisierung Indiens als auch die Betonung der Gleichheit aller Menschen und aller Christen. Dabei treten deutliche Unterschiede zwischen in Europa und in Indien verfassten Erzählungen zutage. | ||
| 540 | |q DE-101 |a Namensnennung - Weitergabe unter gleichen Bedingungen 4.0 International |f CC BY-SA 4.0 |2 cc |u https://creativecommons.org/licenses/by-sa/4.0/ | ||
| 601 | |a Missionar | ||
| 601 | |a Ausbildung | ||
| 610 | 2 | 7 | |0 (DE-588)2009918-6 |0 (DE-627)101673469 |0 (DE-576)191647659 |a Basler Mission |2 gnd |
| 648 | 7 | |a Geschichte 1800-1900 |2 gnd | |
| 648 | 7 | |a Geschichte 1834-1860 |2 gnd | |
| 648 | 4 | |a Neuzeit 1800-1900 |0 (DE-631)35911 | |
| 650 | 0 | |a Missionaries |z India |x History | |
| 650 | 0 | |a Missionaries |z Switzerland |z Basel | |
| 650 | 0 | 7 | |0 (DE-588)4039567-4 |0 (DE-627)106227602 |0 (DE-576)20903551X |a Mission |2 gnd |
| 650 | 0 | 7 | |0 (DE-588)4033569-0 |0 (DE-627)106256653 |0 (DE-576)209002654 |a Kulturkontakt |2 gnd |
| 650 | 0 | 7 | |0 (DE-588)4005371-4 |0 (DE-627)106381911 |0 (DE-576)208860452 |a Bekehrung |2 gnd |
| 650 | 0 | 7 | |0 (DE-588)4135542-8 |0 (DE-627)105664340 |0 (DE-576)209661631 |a Heiligung |2 gnd |
| 650 | 0 | 7 | |0 (DE-588)4039575-3 |0 (DE-627)106227572 |0 (DE-576)209035544 |a Missionar |2 gnd |
| 650 | 0 | 7 | |0 (DE-588)4165992-2 |0 (DE-627)105436089 |0 (DE-576)209899212 |a Kulturvermittlung |2 gnd |
| 650 | 0 | 7 | |0 (DE-588)4127377-1 |0 (DE-627)104558911 |0 (DE-576)209593121 |a Konversion |g Religion |2 gnd |
| 651 | 0 | |a Basel (Switzerland) |x Church history | |
| 651 | 0 | |a India |x Relations |z Switzerland | |
| 651 | 0 | |a Switzerland |x Relations |z India | |
| 651 | 7 | |0 (DE-588)4004176-1 |0 (DE-627)106387154 |0 (DE-576)208854444 |a Baden-Württemberg |2 gnd | |
| 651 | 7 | |0 (DE-588)4026754-4 |0 (DE-627)106287168 |0 (DE-576)208967796 |a Indien |z Süd |2 gnd | |
| 655 | 7 | |a Hochschulschrift |0 (DE-588)4113937-9 |0 (DE-627)105825778 |0 (DE-576)209480580 |2 gnd-content | |
| 689 | 0 | 0 | |d g |0 (DE-588)4026754-4 |0 (DE-627)106287168 |0 (DE-576)208967796 |2 gnd |a Indien |z Süd |
| 689 | 0 | 1 | |d b |0 (DE-588)2009918-6 |0 (DE-627)101673469 |0 (DE-576)191647659 |2 gnd |a Basler Mission |
| 689 | 0 | 2 | |d s |0 (DE-588)4039567-4 |0 (DE-627)106227602 |0 (DE-576)20903551X |2 gnd |a Mission |
| 689 | 0 | 3 | |d s |0 (DE-588)4033569-0 |0 (DE-627)106256653 |0 (DE-576)209002654 |2 gnd |a Kulturkontakt |
| 689 | 0 | 4 | |d s |0 (DE-588)4005371-4 |0 (DE-627)106381911 |0 (DE-576)208860452 |2 gnd |a Bekehrung |
| 689 | 0 | 5 | |d s |0 (DE-588)4135542-8 |0 (DE-627)105664340 |0 (DE-576)209661631 |2 gnd |a Heiligung |
| 689 | 0 | |5 DE-101 | |
| 689 | 1 | 0 | |d g |0 (DE-588)4026754-4 |0 (DE-627)106287168 |0 (DE-576)208967796 |2 gnd |a Indien |z Süd |
| 689 | 1 | 1 | |d s |0 (DE-588)4005371-4 |0 (DE-627)106381911 |0 (DE-576)208860452 |2 gnd |a Bekehrung |
| 689 | 1 | 2 | |d s |0 (DE-588)4074863-7 |0 (DE-627)106088165 |0 (DE-576)209195509 |2 gnd |a Missionstheologie |
| 689 | 1 | 3 | |d s |0 (DE-588)4033569-0 |0 (DE-627)106256653 |0 (DE-576)209002654 |2 gnd |a Kulturkontakt |
| 689 | 1 | 4 | |d b |0 (DE-588)2009918-6 |0 (DE-627)101673469 |0 (DE-576)191647659 |2 gnd |a Basler Mission |
| 689 | 1 | 5 | |q z |2 gnd |a Geschichte 1834-1860 |
| 689 | 1 | |5 (DE-627) | |
| 751 | |a Mainz |0 (DE-588)4037124-4 |0 (DE-627)106239201 |0 (DE-576)209022329 |4 uvp | ||
| 776 | 1 | |z 3525101376 | |
| 776 | 1 | |z 9783525101377 | |
| 776 | 0 | 8 | |i Erscheint auch als |n Druck-Ausgabe |a Becker, Judith, 1971 - |t Conversio im Wandel |d Göttingen : Vandenhoeck & Ruprecht, 2015 |h 717 Seiten |w (DE-627)1614667403 |w (DE-576)432712275 |z 3525101376 |z 9783525101377 |k Non-Electronic |
| 856 | |u https://www.ssoar.info/ssoar/handle/document/81010 |x unpaywall |z Vermutlich kostenfreier Zugang |h repository [deprecated] | ||
| 856 | 4 | 0 | |u https://doi.org/10.13109/9783666101373 |m X:VAND |x Resolving-System |z kostenfrei |7 0 |
| 856 | 4 | 0 | |u http://www.vr-elibrary.de/doi/book/10.13109/9783666101373 |x Verlag |z kostenfrei |7 0 |
| 856 | 4 | 2 | |u http://deposit.dnb.de/cgi-bin/dokserv?id=5208210&prov=M&dok_var=1&dok_ext=htm |m X: MVB |q text/html |v 2015-04-29 |x Verlag |3 Inhaltstext |7 1 |
| 856 | 4 | 2 | |u http://d-nb.info/1069864951/04 |m B:DE-101 |q application/pdf |3 Inhaltsverzeichnis |7 1 |
| 856 | 4 | 2 | |u https://navision.backoffice.cloud.brill.com/media/300dpi_large_rgb/978-3-666-10137-3.jpg |m X:VAND |3 Cover |7 1 |
| 889 | |w (DE-603)35850936X | ||
| 912 | |a ZDB-117-VRE | ||
| 912 | |a ZDB-117-VOA | ||
| 936 | r | v | |a BT 7340 |b Von der Reformation bis zur Gegenwart |k Theologie und Religionswissenschaften |k Pastoraltheologie und Missionswissenschaft |k Missionswissenschaft |k Missionsgeschichte |k Epochen der Missionsgeschichte |k Von der Reformation bis zur Gegenwart |0 (DE-627)1428305661 |0 (DE-625)rvk/16789: |0 (DE-576)358305667 |
| 936 | r | v | |a NK 7445 |b Indien |k Geschichte |k Weltgeschichte, Darstellungen Allgemeine Geschichte einzelner Staaten und Völker Teilgebiete der Geschichte, Sammelwerke |k Geschichte der internationalen Beziehungen |k Beziehungen zwischen Deutschland und anderen Staaten |k Zu außereuropäischen Staaten |k Indien |0 (DE-627)127146425X |0 (DE-625)rvk/126217: |0 (DE-576)20146425X |
| 936 | r | v | |a NP 5680 |b Schweiz |k Geschichte |k Von der Restauration bis zum Ende des Ersten Weltkrieges (1815 - 1918) |k Geschichte der auswärtigen Staaten (1815 - 1918) |k Westeuropa |k Schweiz |0 (DE-627)1271469855 |0 (DE-625)rvk/127926: |0 (DE-576)201469855 |
| 936 | r | v | |a NP 6700 |b Indien |k Geschichte |k Von der Restauration bis zum Ende des Ersten Weltkrieges (1815 - 1918) |k Geschichte der auswärtigen Staaten (1815 - 1918) |k Mittel- und Ostasien |k Indien |0 (DE-627)1271470330 |0 (DE-625)rvk/128033: |0 (DE-576)201470330 |
| 936 | r | v | |a NV 9500 |b Allgemeines und Einzelbeiträge |k Geschichte |k Religions- und Kirchengeschichte |k Missionsgeschichte |k Allgemeines und Einzelbeiträge |0 (DE-627)1271506874 |0 (DE-625)rvk/131948: |0 (DE-576)201506874 |
| 936 | b | k | |a 11.50 |j Kirchengeschichte |j Dogmengeschichte |0 (DE-627)106403877 |
| 936 | b | k | |a 15.60 |j Schweiz |j Österreich-Ungarn |j Österreich |x Geschichte |0 (DE-627)181571633 |
| 936 | b | k | |a 15.77 |j Indischer Subkontinent |x Geschichte |0 (DE-627)181570661 |
| 951 | |a BO | ||
| ELC | |a 1 | ||
| OAS | |a 1 | ||
| ORI | |a TA-MARC-ixtheo_oa001.raw | ||
| REF | |a Religionsgeschichte | ||
| REL | |a 1 | ||
| STA | 0 | 0 | |a Baden-Württemberg,Conversion,Conversion,Cultural contact,Intercultural contact,Interethnic relations,Intercultural communication in literature,Culture mediation,Holiness,Sanctification,India,India,India,India,India,India,India,India,Southern India,Northeastern India,Northwestern India,Southeastern India,Northern India,Western India,Mission (international law,Mission,Mission,Christianity,World mission,Missionary,Missionary,Missions theology,Theology of missions |
| STB | 0 | 0 | |a Bade-Württemberg,Contact culturel,Conversion,Conversion religieuse,Inde,Missiologie,Théologie de la mission,Théologie de la mission,Mission,Mission,Mission,Missionaire,Missionnaire,Sanctification,Transmission culturelle |
| STC | 0 | 0 | |a Contacto cultural,Conversión,Conversión,India,Misionario,Misionario,Misión,Misión,Misión,Santificación,Teología misionera,Transmisión de la cultura |
| STD | 0 | 0 | |a Contatto culturale,Conversione,Conversione,India,Missionario,Missionario,Missione,Missione,Missione,Santificazione,Teologia missionaria,Trasmissione della cultura |
| STE | 0 | 0 | |a 印度,圣洁,圣化,宣教,宣教,传教,宣教使命,传教,宣教使命,宣教士,宣教士,宣教神学,传教神学,文化中介,文化接触,文化联系,皈依,皈依,归附,归附 |
| STF | 0 | 0 | |a 印度,宣教,宣教,傳教,宣教使命,傳教,宣教使命,宣教士,宣教士,宣教神學,傳教神學,文化中介,文化接觸,文化聯繫,皈依,皈依,歸附,歸附,聖潔,聖化 |
| STG | 0 | 0 | |a Contato cultural,Conversão,Conversão,Missionário,Missionário,Missão,Missão,Missão,Santificação,Teologia missionária,Transmissão de cultura,Índia |
| STH | 0 | 0 | |a Индия (мотив),Культурное посредничество,Культурный контакт,Миссионер (мотив),Миссионер,Миссионерское богословие,Миссия (международное право),Миссия (мотив),Миссия,Обращение в веру (мотив),Обращение в веру,Освящение |
| STI | 0 | 0 | |a Αποστολή (Διεθνές δίκαιο),Ιεραποστολή (μοτίβο),Ιεραποστολή,Ιεραποστολική θεολογία,Ιεραπόστολος (μοτίβο),Ιεραπόστολος,Ινδία (μοτίβο),Καθαγιασμός,Μετάδοση του πολιτισμού,Μεταστροφή (μοτίβο),Μεταστροφή,Πολιτισμική επαφή |
| SUB | |a REL | ||
| SYB | 0 | 0 | |a Evangelische Missionsgesellschaft in Basel,Missionsgesellschaft,BM,Mission,Basler Missionskomitee,Basler Missionsgesellschaft,Missionskomitee,Basel Evangelical Missionary Society,Basel German Evangelical Missionary Society,Société des Missions,Société des Missions Évangeliques,Basel Mission,Evangelical Missionary Society,German Evangelical Missionary Society,Missionshaus,Basler Missionshaus,Basler Evangelische Mission,Evangelische Mission,Evang. Missionsgesellschaft,Ev. Missionsgesellschaft,Evangelisches Missions-Comittee,Comité des missions de Bâle,Evangelische Missionsgesellschaft |
| SYE | 0 | 0 | |a Diplomatische Mission,Christentum,Christliche Mission,Heidenmission,Weltmission,Missionierung , Interkulturelle Kommunikation,Interkultureller Austausch,Interkultureller Kontakt,Kulturbegegnung,Kulturberührung,Interethnik,Interethnische Beziehungen,Interkulturelle Kommunikation,Interkultureller Austausch,Interkultureller Kontakt,Kulturbegegnung,Kulturberührung,Interethnik,Interethnische Beziehungen , Wachstum im Glauben,Glaubenswachstum,Geistliches Wachstum,Spirituelles Wachstum,Spiritual growth , Kulturtransfer,Kulturtransfer , Konversionsstörung,Konvertierung,Kirchenübertritt,Konfessionswechsel,Konvertierung |
| SYF | 0 | 0 | |a Südweststaat,Bade-Wurtemberg,Baden-Vjurttemberg,Baden-Wirtemberg,Baden-Wuerttemberg,BW,Land Baden-Württemberg , India , Bharat,Indische Union,Altindien,Hindustan,Hindostan,Indien,Indie,Indian Union,Bhārata Gaṇarājya,Bhārata,Indien,Republik Indien,Indien,Dominion of India,India,Republic of India,Inde,Indië,Bharata,Indiia,Indland,Hindiston Respublikasi,Satharanarat 'India,Yin-tu |
| SYG | 0 | 0 | |a Südindien,Südliches Indien , Evangelische Missionsgesellschaft in Basel,Missionsgesellschaft,BM,Mission,Basler Missionskomitee,Basler Missionsgesellschaft,Missionskomitee,Basel Evangelical Missionary Society,Basel German Evangelical Missionary Society,Société des Missions,Société des Missions Évangeliques,Basel Mission,Evangelical Missionary Society,German Evangelical Missionary Society,Missionshaus,Basler Missionshaus,Basler Evangelische Mission,Evangelische Mission,Evang. Missionsgesellschaft,Ev. Missionsgesellschaft,Evangelisches Missions-Comittee,Comité des missions de Bâle,Evangelische Missionsgesellschaft , Diplomatische Mission,Christentum,Christliche Mission,Heidenmission,Weltmission,Missionierung , Interkulturelle Kommunikation,Interkultureller Austausch,Interkultureller Kontakt,Kulturbegegnung,Kulturberührung,Interethnik,Interethnische Beziehungen,Interkulturelle Kommunikation,Interkultureller Austausch,Interkultureller Kontakt,Kulturbegegnung,Kulturberührung,Interethnik,Interethnische Beziehungen , Wachstum im Glauben,Glaubenswachstum,Geistliches Wachstum,Spirituelles Wachstum,Spiritual growth , Südindien,Südliches Indien , Mission,Missionsauffassung , Interkulturelle Kommunikation,Interkultureller Austausch,Interkultureller Kontakt,Kulturbegegnung,Kulturberührung,Interethnik,Interethnische Beziehungen,Interkulturelle Kommunikation,Interkultureller Austausch,Interkultureller Kontakt,Kulturbegegnung,Kulturberührung,Interethnik,Interethnische Beziehungen , Evangelische Missionsgesellschaft in Basel,Missionsgesellschaft,BM,Mission,Basler Missionskomitee,Basler Missionsgesellschaft,Missionskomitee,Basel Evangelical Missionary Society,Basel German Evangelical Missionary Society,Société des Missions,Société des Missions Évangeliques,Basel Mission,Evangelical Missionary Society,German Evangelical Missionary Society,Missionshaus,Basler Missionshaus,Basler Evangelische Mission,Evangelische Mission,Evang. Missionsgesellschaft,Ev. Missionsgesellschaft,Evangelisches Missions-Comittee,Comité des missions de Bâle,Evangelische Missionsgesellschaft |
| TIM | |a 100018340101_100018601231 |b Geschichte 1834-1860 | ||